Pays les plus endettés (dette publique % du PIB) - Statistiques

Statistiques générales
  • Ce quiz a été pris 56 fois
  • Le résultat moyen est 3 sur 7
Statistiques - réponses
Hint Réponse % Correct
129 % USA
96%
263 % Japon
68%
162 % Grèce
56%
143 % Italie
54%
168 % Singapour
16%
256 % Soudan
16%
175 % Érythrée
4%
Aucun quiz correspondant
Distribution des résultats
% des personnes avec chaque résultat
Percentile par nombre de réponses
Votre historique - résultats
Vous n’avez pas pris ce quiz